| 000 | 00446 a2200145 4500 | ||
|---|---|---|---|
| 003 | OSt | ||
| 005 | 20250425120443.0 | ||
| 008 | 231229b |||||||| |||| 00| 0 eng d | ||
| 040 | _coclc | ||
| 082 |
_a954.8319 _bEDA/M |
||
| 100 |
_aEdathanattukara, Ashik _99017 |
||
| 245 |
_aMannarkkadu charithrathinte adisthana rekhakal / _cAshik Edathanattukara |
||
| 260 | _c2022. | ||
| 942 |
_2ddc _cBK _h954.8319 _iEDA/M _k954.8319 _mEDA/M |
||
| 999 |
_c42511 _d42511 |
||